[Event "Landesliga Nord 1213 U20"]
[Site "Bayern"]
[Date "2013.03.02"]
[Round "7.4"]
[White "Buettner, Christina"]
[Black "Oberhofer, Marie"]
[Result "1/2-1/2"]
[WhiteElo "1347"]
[BlackElo "1558"]
[PlyCount "47"]
[EventDate "2012.10.20"]
[EventType "team-tourn"]
[EventRounds "7"]
[EventCountry "GER"]
[SourceTitle "EXT 2020"]
[Source "ChessBase"]
[SourceDate "2019.10.17"]
[SourceVersion "1"]
[SourceVersionDate "2019.10.17"]
[SourceQuality "1"]
[WhiteTeam "Windheim U20"]
[BlackTeam "Bavaria Regensburg U20"]
[WhiteTeamCountry "GER"]
[BlackTeamCountry "GER"]

1. e4 c5 2. Nf3 d6 3. Bc4 Nf6 4. d3 Nc6 5. Bg5 e6 6. Nc3 Be7 7. 0-0 0-0 8. Qe2 a6 9. a4 Qc7 10. Rfd1 Bd7 11. d4 cxd4 12. Nxd4 Nxd4 13. Rxd4 Qb6 14. Rd3 Qc5 15. Rg3 Rac8 16. Bd3 Qb4 17. Rb1 Bxa4 18. Nxa4 Qxa4 19. Bh6 Ne8 20. e5 dxe5 21. Qxe5 Bf6 22. Qh5 Qh4 23. Qxh4 Bxh4 24. Rg4 1/2-1/2